000 00923nam a2200301Ia 4500
003 OSt
005 20221007122102.0
006 a|||||r|||| 00| 0
007 ta
008 221006b |||||||| |||| 00| 0 eng d
020 _a0486652270 (pbk)
024 _a4305
037 _bAsian,
_cTextual
040 _aPAPL
_cPAPL
_beng
041 _2eng
_aeng
082 _aC:(B), J8 Carpa
100 _aJoos Georg
_9713430
245 0 _aTheoretical physics
_b Freeman Ira M
250 _a3
260 _aNew
_bYork Dover Publications,Inc
_c1958
300 _axxiii,885p
_ccm.
500 _aTranslation of:Lehrbuch der theoretischen physik; Appendix 825-864p; Bibliography 868-873p; Index 875-885p
650 _a Mathematical
650 _aPhysics
700 _a Freeman Ira M
_9713431
942 _hC:(B), J8 Carpa
_cTEXL
_2CC
999 _c1209759
_d1209759